|
|
|
|
| LEADER |
00000naa a2200000uu 4500 |
| 001 |
vtls011060100 |
| 003 |
SK-MaSNL |
| 005 |
20260302114437.0 |
| 008 |
210906|2008 xo |||||||||||||||||slo| |
| 015 |
|
|
|a SNBRA
|
| 035 |
|
|
|a (urnnbn)urn:nbn:sk:snk:ar-a0c1xd
|
| 035 |
|
|
|a (uuid)1be41897-2bbe-48a0-a37a-fb507555c250
|
| 035 |
|
|
|a urn:nbn:sk:snk-aav8gw
|
| 040 |
|
|
|a SNKBUCL
|b slo
|c SNKBUCL
|e AACR2
|
| 041 |
0 |
|
|a slo
|
| 044 |
|
|
|a xo
|c SK
|
| 100 |
1 |
|
|a Kuffová, Mariana
|4 aut
|9 504623
|
| 245 |
1 |
0 |
|a SIMULÁCIA ÚNAVOVÉHO PROCESU KONŠTRUKČNÝCH MATERIÁLOV
|c Mariana Kuffová
|
| 773 |
0 |
|
|t Letná škola únavy materiálov '2008
|d V Žiline : Edis, 2008
|g S. 167-170
|z 9788080708887
|
| 958 |
|
|
|a OND
|
| 958 |
|
|
|a article12
|
| 958 |
|
|
|a chapter
|
| 999 |
|
|
|c 1259629
|d 1261559
|